[Event "Rector Cup w"]
[Site "Kharkiv UKR"]
[Date "2007.03.25"]
[Round "10"]
[White "Doluhanova,E"]
[Black "Komiagina,M"]
[Result "1-0"]
[WhiteElo "2195"]
[BlackElo "2288"]

1.e4 c5 2.Nf3 e6 3.d4 cxd4 4.Nxd4 Nc6 5.Nc3 Qc7 6.Be3 a6 7.f3 Be7 8.Qd2 Nf6
9.g4 O-O 10.O-O-O Ne8 11.Kb1 Nxd4 12.Bxd4 b5 13.h4 b4 14.Na4 Rb8 15.g5 d5
16.exd5 Bd7 17.b3 Bxa4 18.bxa4 exd5 19.Bxa6 Qa5 20.Qe2 Bd6 21.g6 fxg6 22.Qe6+ Rf7
23.Bb5 Be7 24.Bxe8 Rxe8 25.h5 g5 26.h6 g6 27.Qe5 Rf6 28.Rhe1 Kf8 29.Bb2 Qxa4
30.Rxd5 Qc6 31.Re3 Qa6 32.Rd7 b3 33.axb3  1-0

[Event "zt 2.5 m"]
[Site "San Luis ARG"]
[Date "2007.03.25"]
[Round "9"]
[White "Flores Rios,M"]
[Black "Needleman,G"]
[Result "1-0"]
[WhiteElo "2320"]
[BlackElo "2437"]

1.e4 c5 2.Nf3 e6 3.d4 cxd4 4.Nxd4 Nc6 5.Nc3 Qc7 6.Be3 a6 7.Qd2 Nf6 8.O-O-O Be7
9.f3 O-O 10.g4 Rd8 11.g5 Ne8 12.Bf4 d6 13.Be3 b5 14.Kb1 Bb7 15.h4 b4 16.Nxc6 Bxc6
17.Ne2 d5 18.e5 d4 19.Nxd4 Bxf3 20.Bg2 Bxg2 21.Qxg2 Rd5 22.Nxe6 Rxd1+ 23.Rxd1 Qc8
24.Nf4 Rb8 25.h5 Qf5 26.Nd5 Bf8 27.Nf6+ Nxf6 28.exf6 Re8 29.Bc1 Qe4 30.Qxe4 Rxe4
31.b3 h6 32.fxg7 Bxg7 33.gxh6 Bd4 34.Bb2 Bxb2 35.Kxb2 Re5 36.Rg1+ Kh8 37.Rg7 Rf5
38.a3 a5 39.axb4 axb4 40.Kc1 Rf6 41.Kd2 Rd6+ 42.Ke3 Rd7 43.Rg4 Rb7 44.Rf4 Kh7
45.Rf6 Rc7 46.Kd3 Rb7 47.Kc4 Kg8 48.Kc5 Rb8 49.Rf4 Rb7 50.Rxb4 Rc7+ 51.Kb6 Rxc2
52.Rg4+ Kh8 53.Rf4 Rh2 54.Rxf7 Rxh5 55.Rf6 Rh4 56.Kb5 Rh5+ 57.Ka4  1-0

[Event "Open"]
[Site "Zagreb CRO"]
[Date "2007.03.25"]
[Round "9"]
[White "Armanda,I"]
[Black "Jovanic,O"]
[Result "1/2-1/2"]
[WhiteElo "2335"]
[BlackElo "2463"]

1.e4 c5 2.Nf3 e6 3.d4 cxd4 4.Nxd4 Nc6 5.Nc3 Qc7 6.Be3 Nf6 7.f4 d6 8.Qf3 a6
9.O-O-O Bd7 10.g4 h6 11.Rg1 O-O-O 12.Nb3 h5 13.h3 hxg4 14.hxg4 Be8 15.Qf2 Nd7
16.Bg2 Kb8 17.Nd4 Nc5 18.Nb3 Rc8 19.Nxc5 dxc5 20.e5 Na5 21.Kb1 Nc4 22.Bc1 Bc6
23.Bxc6 Qxc6 24.Qe2 Nb6 25.Ne4  1/2-1/2

[Event "ch-KAZ"]
[Site "Astana KAZ"]
[Date "2007.03.28"]
[Round "9"]
[White "Stativkin,D"]
[Black "Kairbekov,R"]
[Result "1/2-1/2"]
[WhiteElo "2214"]
[BlackElo "2239"]

1.e4 c5 2.Nf3 e6 3.d4 cxd4 4.Nxd4 Nc6 5.Nc3 Nf6 6.Ndb5 Bb4 7.a3 Bxc3+ 8.Nxc3 d5
9.exd5 exd5 10.Bd3 O-O 11.O-O h6 12.Bf4 d4 13.Ne2 Nd5 14.Bg3 Qf6 15.Qd2 Rd8
16.Nf4 Bf5 17.Nxd5 Rxd5 18.Rfe1 Qg6 19.Rad1 a5 20.b3 Rad8 21.f3 Bxd3 22.Qxd3 Qxd3
23.Rxd3 f6 24.Red1 Kf7 25.Bf2 Ke6 26.Re1+ Kf7 27.Red1 Ke6 28.Re1+ Re5 29.Red1 Re2
30.c3 dxc3 31.Rxd8 c2 32.R8d6+ Ke7 33.Bc5 cxd1=Q+ 34.Rxd1+ Ke8 35.Rb1 Rc2
36.b4 a4 37.Re1+ Kf7 38.Rd1 Ke8 39.Re1+ Kf7 40.Rd1 Ke8 41.Re1+ Kd7 42.Bf8 g5
43.Bxh6 Ne5 44.f4 gxf4 45.Bxf4 Ke6 46.g4 Rc4 47.Bxe5 fxe5 48.h3 Rc3 49.Kg2 Rxa3
50.Rf1 Rb3 51.g5 Rxb4 52.Rf8 Rf4 53.Rb8 Rf7 54.Kg3 Kf5 55.h4 e4 56.Ra8 e3
57.Kf3 Re7 58.Ke2 b5 59.Ra5 Re5 60.Ra6 Re6 61.Ra5 Re5 62.Ra6 Kg4 63.g6 Kxh4
64.Ra5 Rg5 65.g7 Rxg7 66.Rxb5 a3 67.Ra5 a2 68.Kxe3 Rg3+ 69.Kd4 Rg2 70.Kc3  1/2-1/2

[Event "Spring Open"]
[Site "Belgrade SRB"]
[Date "2007.03.30"]
[Round "5"]
[White "Cetkovic,Mi"]
[Black "Andrijevic,M"]
[Result "1/2-1/2"]
[WhiteElo "2237"]
[BlackElo "2347"]

1.e4 c5 2.Nf3 Nc6 3.Nc3 e6 4.d4 cxd4 5.Nxd4 Qc7 6.g3 a6 7.Bg2 Nf6 8.O-O d6
9.Kh1 Be7 10.f4 O-O 11.e5 dxe5 12.Nxc6 bxc6 13.fxe5 Nd5 14.Qh5 Nxc3 15.bxc3 Bb7
16.Rb1 Rab8 17.Be4 g6 18.Qf3 f5 19.exf6 Rxf6 20.Qg2 Rxf1+ 21.Qxf1 c5 22.Rxb7 Rxb7
23.Bf4 Qd7 24.Bxb7 Qxb7+ 25.Kg1 Qd5 26.Qxa6 Qd1+ 27.Kf2 Qxc2+ 28.Qe2 Qf5
29.Qe5 Qc2+ 30.Qe2 Qf5  1/2-1/2

[Event "Sander Schloss Open"]
[Site "Werther GER"]
[Date "2007.03.30"]
[Round "3"]
[White "Hilverda,A"]
[Black "Dargel,M"]
[Result "1-0"]
[WhiteElo "2122"]
[BlackElo "2200"]

1.e4 c5 2.Nf3 e6 3.d4 cxd4 4.Nxd4 Nc6 5.Nc3 Qc7 6.Be3 a6 7.Be2 Nf6 8.O-O Bb4
9.Na4 Bd6 10.h3 Nxe4 11.Nxc6 Qxc6 12.Nb6 Rb8 13.Bf3 Be5 14.Bd4 Qd6 15.Bxe5 Qxe5
16.Bxe4 O-O 17.Re1 Qxb2 18.Rb1 Qxa2 19.Nxd7 Bxd7 20.Qxd7 Qa5 21.Red1 b5 22.Ra1 Qb4
23.Qd4 Qe7 24.Rxa6 Qh4 25.Bf3 Qg5 26.Rd6 Rfc8 27.h4 Qe7 28.Rd7 Qe8 29.Be4 Rc4
30.Rd8 Rxd8 31.Qxd8 Kf8 32.Qd6+ Kg8 33.Bc6  1-0

[Event "Bundesliga 2006-7"]
[Site "Eppingen GER"]
[Date "2007.03.31"]
[Round "14"]
[White "Gross,Dav GER"]
[Black "Rudolf,Hen"]
[Result "1-0"]
[WhiteElo "2478"]
[BlackElo "2327"]

1.e4 c5 2.Nf3 e6 3.d4 cxd4 4.Nxd4 Nc6 5.Nc3 Qc7 6.Be2 Nf6 7.O-O a6 8.Be3 Be7
9.f4 d6 10.a4 O-O 11.Kh1 Re8 12.Bg1 Bd7 13.Nb3 Na5 14.Nxa5 Qxa5 15.e5 dxe5
16.fxe5 Qxe5 17.Rxf6 Bxf6 18.Qxd7 Red8 19.Qxb7 Rab8 20.Qf3 Rxb2 21.Rd1 Rxc2
22.Rxd8+ Bxd8 23.Qd3  1-0

[Event "Bundesliga 2006-7"]
[Site "Eppingen GER"]
[Date "2007.03.31"]
[Round "14"]
[White "Baklan,V"]
[Black "Balogh,C"]
[Result "1-0"]
[WhiteElo "2618"]
[BlackElo "2616"]

1.e4 c5 2.Nf3 e6 3.Nc3 Nc6 4.d4 cxd4 5.Nxd4 a6 6.g3 d6 7.Bg2 Bd7 8.O-O Nf6
9.a4 Be7 10.Nb3 Na5 11.Nxa5 Qxa5 12.Be3 Rc8 13.Re1 O-O 14.Qd2 Kh8 15.h3 Rfd8
16.f4 Be8 17.Qf2 Nd7 18.Red1 Qb4 19.Rab1 Bf6 20.Bd4 e5 21.Be3 exf4 22.gxf4 Bxc3
23.bxc3 Qxa4 24.Bd4 Nf8 25.f5 f6 26.Rxb7 Rd7 27.Rdb1 a5 28.R7b6 Qa2 29.Bf1 a4
30.c4 Re7 31.Ra1 Qxa1 32.Bxa1 Rxe4 33.Rxd6 Bf7 34.Bd3 Ree8 35.Qd4 Kg8 36.Kf2 Rc7
37.Rxf6  1-0

[Event "Sander Schloss Open"]
[Site "Werther GER"]
[Date "2007.03.31"]
[Round "5"]
[White "Schaffarczyk,A"]
[Black "Rueberg,J"]
[Result "1-0"]
[WhiteElo "2133"]
[BlackElo "2259"]

1.e4 c5 2.Nf3 e6 3.d4 cxd4 4.Nxd4 Nc6 5.Nc3 a6 6.Be2 Qc7 7.O-O Nf6 8.Be3 Bb4
9.Na4 Be7 10.Nxc6 bxc6 11.Nb6 Rb8 12.Nxc8 Qxc8 13.Bd4 c5 14.Be5 Rb6 15.Qd3 O-O
16.c4 Ne8 17.f4 Bf6 18.Bxf6 Nxf6 19.e5 Ne8 20.b3 d6 21.Qh3 Qc7 22.Bd3 g6
23.Rae1 Ng7 24.Rf3 f6 25.Rfe3 f5 26.Qh6 dxe5 27.Rxe5 Rd6 28.R1e3 Rfd8 29.Be2 R8d7
30.h4 Rd4 31.Qg5 Qd8 32.Qxd8+ Rxd8 33.g3 Rc8 34.Bf3 Rc7 35.Re2 Kf7 36.Kf2 Rd6
37.Ke3 Ne8 38.Rd2 Rxd2 39.Kxd2 Nf6 40.Kc3 a5 41.Re2 Nd7 42.a3 Kf6 43.Rd2 Ke7
44.b4 axb4+ 45.axb4 cxb4+ 46.Kxb4 h6 47.Re2 Kf6 48.Rc2 e5 49.fxe5+ Nxe5 50.Bd5 g5
51.hxg5+ hxg5 52.c5 f4 53.gxf4 gxf4 54.Kb5 Nd3 55.c6 Rc8 56.c7 Ne1 57.Bb7 Nxc2
58.Bxc8 Na3+ 59.Kc5  1-0

[Event "Spring Open"]
[Site "Belgrade SRB"]
[Date "2007.04.01"]
[Round "7"]
[White "Bozinovic,Bob"]
[Black "Andrijevic,M"]
[Result "0-1"]
[WhiteElo "2137"]
[BlackElo "2347"]

1.e4 c5 2.Nf3 e6 3.d4 cxd4 4.Nxd4 Nc6 5.Nc3 Qc7 6.g3 a6 7.Bg2 Nf6 8.O-O d6
9.Kh1 Be7 10.f4 Bd7 11.Be3 O-O 12.Nxc6 Bxc6 13.g4 Rfe8 14.g5 Nd7 15.Qg4 Bf8
16.Rf3 g6 17.Rh3 Bg7 18.Qh4 Nf8 19.Rf1 Qa5 20.Bd2 Qc5 21.b4 Qc4 22.f5 exf5
23.Rf4 fxe4 24.Nxe4 Qxc2 25.Be3 Bxe4 26.Rxe4 Qxa2 27.Rf4 Rac8 28.Rf1 Qe2
29.Bd4 Rc4 30.Qf4 Rxd4 31.Qxf7+ Kh8 32.Bxb7 Re7  0-1

[Event "30th Open"]
[Site "San Sebastian ESP"]
[Date "2007.04.01"]
[Round "1"]
[White "Cabrera Trujillo,J"]
[Black "Galarraga Lasa,J"]
[Result "1-0"]
[WhiteElo "2334"]
[BlackElo "1840"]

1.e4 c5 2.Nf3 e6 3.d4 cxd4 4.Nxd4 Nc6 5.Nc3 a6 6.Be3 Nf6 7.Bd3 Bb4 8.f4 Qa5
9.Qd2 d5 10.e5 Ne4 11.Bxe4 dxe4 12.Nb3 Qc7 13.a3 Be7 14.Nxe4 O-O 15.O-O-O b6
16.Nd6 Rd8 17.Qf2 Rb8 18.Qf3 f6 19.Nxc8 Rdxc8 20.Rd2 fxe5 21.Qg4 Bf6 22.Qxe6+ Qf7
23.Qxf7+ Kxf7 24.f5 Nd4 25.Bxd4 exd4 26.Kb1 Rc4 27.Rhd1 Rbc8 28.Re2 R8c6
29.Nc1 R4c5 30.g4 Rb5 31.Nb3 Rd6 32.Rd3 a5 33.h3 a4 34.Nd2 Rc6 35.Nf3 Rc3
36.Nxd4 Bxd4 37.Rxd4 Rxa3 38.Rd7+ Kf8 39.Rd8+ Kf7 40.Rd7+ Kf8 41.Ree7 Rxh3
42.Rf7+ Ke8 43.Rfe7+ Kf8 44.Rxg7 a3 45.Rgf7+ Ke8 46.Rfe7+ Kf8 47.b3 Ra5 48.Ka2 Rh2
49.Rf7+ Ke8 50.Rde7+ Kd8 51.f6 Rxc2+ 52.Ka1 Rc1+ 53.Ka2 Rc2+ 54.Kb1 Rb2+
55.Ka1  1-0

[Event "30th Open"]
[Site "San Sebastian ESP"]
[Date "2007.04.01"]
[Round "1"]
[White "Andres Gonzalez,I"]
[Black "Cantabrana Garona,A"]
[Result "1-0"]
[WhiteElo "2372"]
[BlackElo "1853"]

1.e4 c5 2.Nc3 e6 3.Nf3 Nc6 4.d4 cxd4 5.Nxd4 a6 6.Nxc6 bxc6 7.Bd3 d5 8.O-O Nf6
9.Qf3 Bb7 10.Re1 Be7 11.e5 Nd7 12.Qg3 g6 13.Bh6 c5 14.Rad1 Qc7 15.b3 Bf8
16.Bc1 Bg7 17.f4 O-O-O 18.Qf2 h5 19.Na4 Kb8 20.c4 d4 21.Be4 Nxe5 22.fxe5 Bxe5
23.Qh4 Bd6 24.Bg5 Rde8 25.Bf6 Rhg8 26.Bxb7 Qxb7 27.Be5 Qc7 28.Bxd6 Qxd6 29.Qf6 Re7
30.Qe5 Qc7 31.Nxc5  1-0

[Event "ch-Catalonia"]
[Site "Barcelona ESP"]
[Date "2007.04.02"]
[Round "2"]
[White "Capellades Subirana,M"]
[Black "Perpinya Rofes,L"]
[Result "0-1"]
[WhiteElo "2093"]
[BlackElo "2375"]

1.e4 c5 2.Nf3 Nc6 3.d4 cxd4 4.Nxd4 e6 5.Nc3 d6 6.Bb5 Bd7 7.O-O Nf6 8.Kh1 Be7
9.f4 O-O 10.a3 Nxd4 11.Qxd4 Bxb5 12.Nxb5 d5 13.exd5 Nxd5 14.c4 a6 15.cxd5 axb5
16.Rd1 Qxd5 17.Qxd5 exd5 18.Rxd5 Rad8 19.Rxd8 Rxd8 20.Be3 Bf6 21.Rb1 Rd3
22.Re1 h5 23.Bc1 Kh7 24.f5 Rd5 25.Rf1 Kg8 26.g3 Kf8 27.Kg2 Be5 28.Kf3 Ke7
29.Ke4 Kd6 30.Rf2 Rd4+ 31.Kf3 Kd5 32.Re2 Rd3+ 33.Kf2 Rd1 34.Rc2 Ke4 35.Re2+ Kxf5
36.Re1 Bd4+ 37.Ke2 Rxe1+ 38.Kxe1 Kg4 39.Ke2 Bg1 40.Bf4 Bxh2 41.Kf2 h4 42.Kg2 Bxg3
43.Bd2 f5 44.b3 f4 45.a4 f3+  0-1

[Event "Spring Open"]
[Site "Belgrade SRB"]
[Date "2007.04.02"]
[Round "8"]
[White "Andrijevic,M"]
[Black "Andrejic,V"]
[Result "1-0"]
[WhiteElo "2347"]
[BlackElo "2197"]

1.e4 c5 2.Nf3 e6 3.d4 cxd4 4.Nxd4 Nc6 5.Nc3 Qc7 6.Be2 a6 7.O-O Nf6 8.Kh1 Nxd4
9.Qxd4 Bc5 10.Qd3 b5 11.f4 Bb7 12.Bf3 h5 13.e5 Ng4 14.Bxb7 Qxb7 15.Ne4 Rc8
16.Bd2 Be7 17.Bc3 Qc6 18.a3 h4 19.Rf3 Nh6 20.Rd1 Nf5 21.Bb4 Qd5 22.Bxe7 Kxe7
23.Nd6 Nxd6 24.exd6+ Kf8 25.Qxd5 exd5 26.c3 Rh6 27.Rxd5 Rc6 28.Rfd3 Re6 29.Kg1 g6
30.f5 gxf5 31.Kf2 Kg7 32.R3d4 Kg6 33.Rxh4 f6 34.Rd3 f4 35.Rxf4 Rc5 36.Rff3 Rce5
37.Rfe3 Rxe3 38.Rxe3 Rxd6 39.Ke2 Rd5 40.Rd3 Re5+ 41.Kf2 d5 42.Rd4 Kf7 43.a4 bxa4
44.Rxa4 Re6 45.Rb4 Rd6 46.Ke3 Ke6 47.Ra4 Ke5 48.g4 Rb6 49.b4 Rc6 50.Kd3 f5
51.gxf5 Rh6 52.Ra5 Rh3+ 53.Kc2 Rxh2+ 54.Kb3 Rh6 55.c4 Kxf5 56.Rxd5+ Ke4 57.Rd1 Rc6
58.b5 Rb6 59.Kb4 axb5 60.cxb5 Rh6 61.Ka5 Ke5 62.b6 Rh2 63.Ka6 Ke6 64.b7 Rb2
65.Ka7 Ra2+ 66.Kb6 Rb2+ 67.Kc7 Rc2+ 68.Kd8 Rb2 69.Rd7 Rh2 70.Re7+ Kf6 71.b8=Q  1-0

[Event "ch-DEN"]
[Site "Aalborg DEN"]
[Date "2007.04.03"]
[Round "4"]
[White "Pilgaard,K"]
[Black "Jakobsen,O"]
[Result "1-0"]
[WhiteElo "2412"]
[BlackElo "2379"]

1.e4 c5 2.Nf3 e6 3.d4 cxd4 4.Nxd4 Nc6 5.Nc3 d6 6.Be3 Nf6 7.f3 Be7 8.Qd2 a6
9.O-O-O Nxd4 10.Qxd4 b5 11.g4 e5 12.Qd2 Be6 13.g5 Nh5 14.Rg1 O-O 15.Nd5 Bxd5
16.exd5 Rc8 17.Kb1 g6 18.h4 f5 19.gxf6 Bxf6 20.Bh3 Bxh4 21.Bxc8 Qxc8 22.Qh2 Bg3
23.Rxg3 Nxg3 24.Qxg3 Qf5 25.Rf1 h5 26.Qg5 Qxg5 27.Bxg5 Rf5 28.Be7 e4 29.f4 Rxd5
30.Re1 Kf7 31.Bg5 Rd4 32.c3 Rc4 33.b3 Rxc3 34.Rxe4 Rc7 35.Kb2 a5 36.Bh4 b4
37.Bg5 Rd7 38.Kc2 Rc7+ 39.Kd2 d5 40.Re5 Rc5 41.Re7+ Kg8 42.Rd7 Rc3 43.Rxd5 a4
44.Rd3 axb3 45.axb3 Rc7 46.Rd8+ Kf7 47.Rb8 Ke6 48.Rb5 Rh7 49.Bh4 Rd7+ 50.Ke3 Rd1
51.Ke4 Rh1 52.Rb6+ Kf7 53.Bg5 h4 54.Rxb4 h3 55.Rb7+ Ke6 56.Kf3 Rg1 57.Re7+ Kd5
58.Rh7 Rb1 59.Rxh3 Rxb3+ 60.Kg4 Rb6 61.Rh7  1-0

[Event "8th ch-Euro w"]
[Site "Dresden GER"]
[Date "2007.04.03"]
[Round "1"]
[White "Stepovaia,T"]
[Black "Nemcova,Kat"]
[Result "0-1"]
[WhiteElo "2360"]
[BlackElo "2147"]

1.e4 c5 2.Nf3 Nc6 3.d4 cxd4 4.Nxd4 e6 5.Nc3 Qc7 6.g3 a6 7.Bg2 Nf6 8.O-O d6
9.Re1 Nd7 10.Nxc6 bxc6 11.Na4 Be7 12.c4 O-O 13.b3 Bb7 14.Bb2 c5 15.f4 Rfe8
16.Qc2 Rab8 17.Rad1 Bc6 18.Nc3 e5 19.Rd2 Bf8 20.Nd5 Qb7 21.Bc3 Qa7 22.Ne3 g6
23.f5 Nf6 24.fxg6 fxg6 25.Rf2 Bg7 26.Qd3 Qe7 27.Nd5 Nxd5 28.exd5 Bd7 29.Be4 Bh3
30.Bd2 Rf8 31.Ree2 Bg4 32.Rxf8+ Rxf8 33.Rf2 Rxf2 34.Kxf2 Qf8+ 35.Kg2 Bf5
36.b4 cxb4 37.Bxb4 Bxe4+ 38.Qxe4 Qb8 39.c5 dxc5 40.Bxc5 Qb2+ 41.Bf2 Qxa2
42.d6 Qe6 43.Bc5 Bf8 44.Qd3 e4 45.Qxa6 Qd5 46.Be3 Bxd6 47.Qc8+ Bf8 48.Qe8 Qf5
49.Bf4 Qd5 50.Be3 Qa2+ 51.Kh3 Qc4 52.Bf4 Qd5 53.g4 g5 54.Bg3 Qc4 55.Kg2 Qe2+
56.Kg1 Qxg4 57.Qe5 h5 58.h3 Bc5+ 59.Qxc5 Qxg3+ 60.Kh1 Qxh3+ 61.Kg1 Qg3+ 62.Kh1 Qf3+
63.Kg1 Kf7 64.Qd5+ Kf6 65.Qd6+ Kf5 66.Qd7+ Kf4 67.Qd6+ Kg4 68.Qd2 Qg3+ 69.Kh1 Kh3
70.Qd7+ Qg4 71.Qd2 Qf3+ 72.Kg1 e3  0-1

[Event "8th ch-Euro"]
[Site "Dresden GER"]
[Date "2007.04.03"]
[Round "1"]
[White "Van den Doel,E"]
[Black "Philippe,C"]
[Result "1-0"]
[WhiteElo "2581"]
[BlackElo "2364"]

1.e4 c5 2.Nf3 e6 3.d4 cxd4 4.Nxd4 Nc6 5.Nc3 a6 6.Be2 d6 7.O-O Nf6 8.Be3 Be7
9.f4 O-O 10.Kh1 Bd7 11.a4 Rc8 12.Nb3 Na5 13.e5 Ne8 14.Qe1 Nc4 15.Bxc4 Rxc4
16.Qg3 Bc6 17.Rad1 Qc7 18.Rd4 b5 19.axb5 axb5 20.Ra1 g6 21.Rxc4 bxc4 22.Ra7 Qc8
23.Nd4 Bb7 24.Ndb5 dxe5 25.fxe5 Ng7 26.Nd6 Bxd6 27.exd6 Qc6 28.Qf3 Qxf3 29.gxf3 Bxf3+
30.Kg1 Nf5 31.Kf2 Nxe3 32.Kxe3 Bg4 33.Ne4 Kg7 34.Kf4 Bf5 35.Nc5 Rd8 36.Ke5 g5
37.b4 cxb3 38.cxb3 h5 39.b4 h4 40.b5 g4 41.d7 g3 42.hxg3 h3 43.b6 Bg4 44.Ra4 Bf3
45.Rh4 Bg2 46.Kd6 Kf6 47.b7  1-0

[Event "8th ch-Euro w"]
[Site "Dresden GER"]
[Date "2007.04.03"]
[Round "1"]
[White "Andriasian,S"]
[Black "Arakhamia,K"]
[Result "0-1"]
[WhiteElo "2231"]
[BlackElo "2437"]

1.e4 c5 2.Nf3 e6 3.d4 cxd4 4.Nxd4 Nc6 5.Nc3 d6 6.Be3 Nf6 7.f3 Be7 8.Qd2 O-O
9.O-O-O a6 10.g4 Nxd4 11.Qxd4 Nd7 12.g5 b5 13.f4 Rb8 14.Rg1 b4 15.Na4 e5
16.Qc4 Qa5 17.b3 exf4 18.Bxf4 Ne5 19.Qd5 Qc7 20.Be2 Be6 21.Qd4 Rfc8 22.Rd2 a5
23.Kb1 Bf8 24.g6 hxg6 25.Be3 Nc6 26.Qd3 Rd8 27.Bg5 Re8 28.h4 Ne5 29.Qg3 Bd7
30.Nb2 Qc3 31.Qf2 a4 32.Rg3 Qc6 33.Nc4 axb3 34.cxb3 Qxe4+ 35.Kb2 Bf5 36.Rg1 Rec8
37.Rc1 Nxc4+ 38.Bxc4 Qe5+ 39.Qd4 Rc5 40.Bf4 Qxd4+ 41.Rxd4 Rb6 42.Rcd1 Rcc6
43.Re1 Rc8 44.Red1 Rd8 45.Re1 Rc6 46.Re2 Rc7 47.Red2 Rc6 48.Re2 Rb6 49.Bg5 Ra8
50.Red2 Be6 51.Bf4 Bxc4 52.Rxc4 Be7 53.Bg5 Bf6+ 54.Bxf6 gxf6 55.Rcd4 Rd8
56.Rd5 Kg7 57.Re2 Rh8 58.Re4 f5 59.Red4 Kf8 60.Ra5 Ke7 61.Ra4 Rhb8 62.h5 Kf6
63.h6 g5 64.Rd5 Kg6 65.Raa5 Re8 66.Rxf5 Re2+ 67.Kb1 f6 68.h7 Rh2 69.Rfb5 Rxb5
70.Rxb5 Rxh7 71.Rxb4 f5 72.a4 g4 73.Rd4 g3 74.Rxd6+ Kg5 75.Kc2 g2 76.Rd8 Rg7  0-1

[Event "8th ch-Euro"]
[Site "Dresden GER"]
[Date "2007.04.03"]
[Round "1"]
[White "Kuba,G"]
[Black "Laznicka,V"]
[Result "0-1"]
[WhiteElo "2403"]
[BlackElo "2593"]

1.e4 c5 2.Nf3 e6 3.d4 cxd4 4.Nxd4 Nc6 5.Nc3 a6 6.Be2 d6 7.O-O Nf6 8.Be3 Be7
9.f4 O-O 10.a4 Bd7 11.Nb3 b6 12.Bf3 Qc7 13.g4 Bc8 14.g5 Nd7 15.Bg2 Rb8 16.Qh5 g6
17.Bh3 Re8 18.f5 Nde5 19.Rf2 b5 20.axb5 axb5 21.Raf1 Bf8 22.Rf4 b4 23.Ne2 exf5
24.exf5 Ne7 25.Nbd4 Nxf5 26.Nxf5 Bxf5 27.Rxf5 gxf5 28.Nf4 Ng4 29.Bd4 Bg7
30.Bxg7 Qc5+  0-1

[Event "8th ch-Euro"]
[Site "Dresden GER"]
[Date "2007.04.03"]
[Round "1"]
[White "Balogh,C"]
[Black "Figura,A"]
[Result "1-0"]
[WhiteElo "2616"]
[BlackElo "2408"]

1.e4 c5 2.Nf3 e6 3.d4 cxd4 4.Nxd4 Nc6 5.Nc3 Qc7 6.f4 a6 7.Be3 Nxd4 8.Qxd4 b5
9.O-O-O Bb7 10.Bd3 Nf6 11.e5 Nd5 12.Ne4 Nxe3 13.Qxe3 Be7 14.Rhe1 Rc8 15.Kb1 Bxe4
16.Bxe4 g6 17.g4 O-O 18.h4 f5 19.Bd3 fxg4 20.Qg3 Qa7 21.Rf1 Rf7 22.Qxg4 Rcf8
23.h5 g5 24.fxg5 Rxf1 25.Bxf1 Qe3 26.a4 bxa4 27.Qxa4 Qxe5 28.Bxa6 d5 29.Qd7 Rb8
30.Bb5 Bxg5 31.Rg1 Kh8 32.c3 Qf5+ 33.Ka2 Ra8+ 34.Kb3 Bf6 35.Rf1 Qe5 36.Bd3 Rb8+
37.Ka2 Rxb2+ 38.Ka1 Rb7 39.Qe8+  1-0

[Event "XXXVIII Open"]
[Site "Mar del Plata ARG"]
[Date "2007.04.03"]
[Round "5"]
[White "Mussanti,D"]
[Black "Lopez,Di"]
[Result "1-0"]
[WhiteElo "2316"]
[BlackElo "2137"]

1.e4 c5 2.Nf3 e6 3.d4 cxd4 4.Nxd4 Nc6 5.Nc3 Qc7 6.Be3 a6 7.Bd3 Nf6 8.O-O Ne5
9.h3 Bc5 10.Kh1 d6 11.f4 Nc6 12.e5 Nxe5 13.fxe5 dxe5 14.Ndb5 axb5 15.Bxb5+ Ke7
16.Bg5 h6 17.Bh4 g5 18.Qf3 Ne8 19.Qxf7+ Kd8 20.Rad1+ Bd4 21.Bxe8 Qxf7 22.Bxf7 gxh4
23.Nb5 Ke7 24.Bg6 Rf8 25.Rxf8 Kxf8 26.Nxd4 exd4 27.Rxd4 Rxa2 28.Rd8+ Kg7
29.Be8 Ra8 30.Kh2 Kf6 31.Bd7 Bxd7 32.Rxa8 Bc6 33.Rf8+ Ke5 34.Rh8 Kf4 35.Rxh6 e5
36.Rxh4+ Ke3 37.c4 Kf2 38.Rh5 e4 39.Rf5+  1-0

[Event "8th ch-Euro"]
[Site "Dresden GER"]
[Date "2007.04.04"]
[Round "2"]
[White "Hunt,A"]
[Black "Kobalia,M"]
[Result "0-1"]
[WhiteElo "2461"]
[BlackElo "2639"]

1.e4 c5 2.Nf3 e6 3.d4 cxd4 4.Nxd4 Nc6 5.Nc3 a6 6.Be3 Nf6 7.Bd3 Qc7 8.O-O Nxd4
9.Bxd4 Bc5 10.Bxc5 Qxc5 11.Qe2 d6 12.Kh1 e5 13.f4 Bg4 14.Qe1 Be6 15.fxe5 Qxe5
16.Qh4 h5 17.Rae1 g5 18.Qf2 Ng4 19.Qg1 O-O-O 20.Nd5 Rde8 21.Nb6+ Kc7 22.Nc4 Qc5
23.e5 Qxg1+ 24.Kxg1 Bxc4 25.Bxc4 Nxe5 26.Bxf7 Re7 27.Bd5 g4 28.Rf7 Rxf7 29.Bxf7 Kc6
30.Bb3 b5 31.Rd1 Rf8 32.Rf1 Rh8 33.Kf2 h4 34.Rd1 Rf8+ 35.Ke2 g3 36.hxg3 hxg3
37.Bd5+ Kc5 38.Bf3 Re8 39.Ke3 Nc4+ 40.Kf4 Nxb2 41.Rd5+ Kb4 42.Rxd6 a5 43.Kxg3 Na4
44.Kf4 Nc3 45.g4 Nxa2 46.g5 Nc3 47.g6 a4 48.Bg4 Rg8 49.Ra6 a3 50.Kg5 Ne4+
51.Kh6 Rh8+ 52.Kg7 Rh4 53.Bf5 Rf4 54.Bxe4 Rxe4 55.Kf7 Rf4+ 56.Ke8 Rc4 57.g7 Rxc2
58.g8=Q Rc8+ 59.Kf7 Rxg8 60.Kxg8 Kb3 61.Kf7 b4 62.Ke6 Ka2 63.Kd5 b3 64.Kc4 b2  0-1

[Event "8th ch-Euro w"]
[Site "Dresden GER"]
[Date "2007.04.04"]
[Round "2"]
[White "Chelushkina,I"]
[Black "Cmilyte,V"]
[Result "0-1"]
[WhiteElo "2338"]
[BlackElo "2466"]

1.e4 c5 2.Nf3 Nc6 3.Nc3 e6 4.d4 cxd4 5.Nxd4 a6 6.Be3 Nf6 7.Bd3 Qc7 8.h3 b5
9.a4 b4 10.Nce2 Nxd4 11.Nxd4 Bb7 12.Qf3 Qe5 13.O-O-O Nxe4 14.Qe2 Be7 15.Nf3 Qc7
16.Bd4 Nf6 17.Kb1 d6 18.Nd2 e5 19.Be3 d5 20.f3 O-O 21.Qf2 e4 22.fxe4 Nxe4
23.Qe2 Bf6 24.Nb3 Rfe8 25.Rhf1 d4 26.Bf4 Qe7 27.Rg1 Bd5 28.g4 Bh4 29.Qf3 Nf2
30.Qxd5 Nxd1 31.Nd2 g6 32.Nf3 Bf6 33.g5 Bg7 34.Nh2 b3 35.Ng4 Qb4 36.Ne3 bxc2+  0-1

[Event "8th ch-Euro w"]
[Site "Dresden GER"]
[Date "2007.04.04"]
[Round "2"]
[White "Von Wantoch Rekowski,D"]
[Black "Voicu,C"]
[Result "0-1"]
[WhiteElo "2124"]
[BlackElo "2359"]

1.e4 c5 2.Nf3 e6 3.d4 cxd4 4.Nxd4 Nc6 5.Nc3 Qc7 6.Be3 a6 7.Bd3 Nf6 8.Nb3 b5
9.f4 d6 10.Qf3 Bb7 11.O-O g6 12.Rad1 Be7 13.h3 O-O 14.Qf2 Rae8 15.g4 b4 16.Ne2 Bd8
17.Ng3 d5 18.e5 Nd7 19.g5 Be7 20.Qe2 a5 21.Nh5 Rd8 22.Nd4 Nc5 23.Nf6+ Bxf6
24.gxf6 Nxd4 25.Bxd4 Kh8 26.Qf2 Rc8 27.Rd2 Rg8 28.Qh4 Nxd3 29.cxd3 Ba6 30.Kh1 Qd8
31.Rg1 Qf8 32.Kh2 Bb5 33.Rg3 Rc1 34.Qg4 Qh6 35.Be3 d4 36.Bxd4 Bc6 37.Bg1 Bd5
38.b3 Rgc8 39.Qg5 Qf8 40.Re3 h6 41.Qh4 Kh7 42.Re1 R8c2 43.Qf2 Qc8 44.Rxc1 Rxc1
45.Qa7 Bb7 46.Kg3 Qc6 47.Kh4 Qf3 48.Bh2 Rf1  0-1

[Event "8th ch-Euro"]
[Site "Dresden GER"]
[Date "2007.04.04"]
[Round "2"]
[White "Maze,S"]
[Black "Potkin,V"]
[Result "1/2-1/2"]
[WhiteElo "2506"]
[BlackElo "2580"]

1.e4 c5 2.Nf3 e6 3.d4 cxd4 4.Nxd4 Nc6 5.Nc3 a6 6.Nxc6 bxc6 7.e5 Qc7 8.Qe2 f5
9.f4 Ne7 10.Bd2 Nd5 11.Na4 a5 12.Qf2 c5 13.c4 Nb6 14.Nc3 Ba6 15.b3 d6 16.exd6 Bxd6
17.Be2 O-O 18.O-O e5 19.fxe5 Bxe5 20.Bf4 Rae8  1/2-1/2

[Event "8th ch-Euro w"]
[Site "Dresden GER"]
[Date "2007.04.04"]
[Round "2"]
[White "Schoene,Mar"]
[Black "Stepovaia,T"]
[Result "1-0"]
[WhiteElo "2151"]
[BlackElo "2360"]

1.e4 c5 2.Nf3 e6 3.d4 cxd4 4.Nxd4 Nc6 5.Nc3 Qc7 6.Be2 a6 7.Be3 Nf6 8.a3 b5
9.Nxc6 dxc6 10.O-O Bb7 11.f4 Rd8 12.Qe1 c5 13.e5 Nd5 14.Nxd5 exd5 15.Qg3 h5
16.Rae1 h4 17.Qg4 h3 18.Bf3 hxg2 19.Qxg2 Rd7 20.f5 c4 21.e6 Re7 22.exf7+ Kxf7
23.Bxd5+ Bxd5 24.Qxd5+ Ke8 25.Bf4 Qb6+ 26.Kh1 Qf6 27.Bg3 Rh6 28.Rxe7+ Bxe7
29.Re1 Kf8 30.Be5 Qh4 31.Rg1 Rh7 32.f6 Bxf6 33.Bd6+ Ke8 34.Bg3 Qh5 35.Re1+ Be7
36.Qxh5+ Rxh5 37.Bd6  1-0

[Event "XXXIV Open"]
[Site "La Roda ESP"]
[Date "2007.04.04"]
[Round "1"]
[White "Cucarella Montell,A"]
[Black "Saldano,H"]
[Result "0-1"]
[WhiteElo "1922"]
[BlackElo "2422"]

1.e4 c5 2.Nf3 e6 3.d4 cxd4 4.Nxd4 Nc6 5.Nc3 Qc7 6.g3 a6 7.Bg2 d6 8.O-O Bd7
9.a4 Nf6 10.Nb3 b6 11.f4 Be7 12.Be3 O-O 13.g4 h6 14.g5 hxg5 15.fxg5 Nh7 16.Qh5 Ne5
17.Rad1 b5 18.axb5 axb5 19.Rf2 g6 20.Qh4 b4 21.Nb1 Qd8 22.Qg3 Nc4 23.h4 Nxb2
24.Rdf1 Nc4 25.Bc1 Rc8 26.Nd4 Qb6 27.Nf3 Ne3 28.Bxe3 Qxe3 29.Re1 Qb6 30.Kh1 Rc5
31.Bf1 Rfc8 32.Bd3 Bb5 33.Bxb5 Qxb5 34.Nd4 Qc4 35.Nb3 Re5 36.Qf3 Rf8 37.Qg2 d5
38.N3d2 Qa2 39.Rfe2 Qa8 40.Qg3 Qb8 41.Qd3 Rd8 42.Qb3 Qa8 43.exd5 Rxe2 44.Rxe2 Qxd5+
45.Qxd5 Rxd5 46.Kg2 Nf8 47.Nf3 Rc5 48.Kf2 Nd7 49.Ke1 Rc4 50.Kd1 Nb6 51.Rh2 Nd5
52.Ne5 Re4 53.Nd3 Ne3+ 54.Kc1 Nf5 55.h5 Bxg5+ 56.Kb2 gxh5 57.Rxh5 Bf6+ 58.Kb3 Nd4+  0-1

[Event "LIII Mexican Open"]
[Site "Aguascalientes MEX"]
[Date "2007.04.05"]
[Round "3"]
[White "Ibarra Chami,L"]
[Black "Quezada,Y"]
[Result "1-0"]
[WhiteElo "2296"]
[BlackElo "2515"]

1.e4 c5 2.Nf3 e6 3.d4 cxd4 4.Nxd4 Nc6 5.Nc3 a6 6.Nxc6 bxc6 7.Bd3 d5 8.O-O Qc7
9.Re1 Bb7 10.Qf3 Bd6 11.e5 Bf8 12.Bd2 Ne7 13.b3 Ng6 14.Qh5 Be7 15.Bxg6 fxg6
16.Qg4 Bc8 17.Ne2 O-O 18.Ng3 Qb6 19.Be3 c5 20.h4 Rf7 21.c3 Bd7 22.h5 gxh5
23.Nxh5 Kh8 24.f3 Qa5 25.Bd2 Rc8 26.Kf2 Qb5 27.c4 dxc4 28.Rh1 c3 29.Qg6 Kg8
30.Nf6+ Bxf6 31.Rxh7 Be8 32.exf6 Qd7 33.Rh8+  1-0

[Event "8th ch-Euro"]
[Site "Dresden GER"]
[Date "2007.04.05"]
[Round "3"]
[White "Balogh,C"]
[Black "Kulaots,K"]
[Result "1/2-1/2"]
[WhiteElo "2616"]
[BlackElo "2525"]

1.e4 c5 2.Nf3 e6 3.d4 cxd4 4.Nxd4 Nc6 5.Nc3 d6 6.Be3 Nf6 7.Qd2 Be7 8.f3 O-O
9.g4 Nxd4 10.Qxd4 Nd7 11.O-O-O Ne5 12.Be2 Bd7 13.f4 Nc6 14.Qd2 Qa5 15.Kb1 Rfc8
16.g5 Rab8 17.Bf3 b5 18.h4 Nb4 19.h5 Bf8 20.g6 Nxc2 21.Qxc2 b4 22.gxf7+ Kxf7
23.e5 bxc3 24.b3 Bc6 25.Bxc6  1/2-1/2